Statistiche per Trova l'intruso - Quiz n°1

Clicka qui per fare il quiz!

Statistiche generali

  • Questo quiz è stato fatto 33 volte
  • Il punteggio medio è 8 su 15

Statistiche sulle risposte

DomandaRisposta% Corretto
Qual è l'intruso?Terk
100%
Qual è l'intruso?Latino
79%
Qual è l'intruso?6/5
72%
Qual è l'intruso?Parallelo
72%
Qual è l'intruso?Don Chisciotte
66%
Qual è l'intruso?Rio de Janiero
66%
Qual è l'intruso?Garfield
62%
Qual è l'intruso?85
55%
Qual è l'intruso?Saturno
55%
Qual è l'intruso?Roma
48%
Qual è l'intruso?Platone
34%
Qual è l'intruso?Gesualdo Motta
31%
Qual è l'intruso?Shrek
31%
Qual è l'intruso?Stagno
31%
Qual è l'intruso?Diagonale
28%

Distribuzione punteggi

Percentile per numero di risposta

Percentuale di utenti per punteggio

I tuoi punteggi nel tempo

Non hai fatto questo quiz